Czy jesteś głupi? Quiz - Statystyki

Ogólne statystyki
  • Ten quiz został rozwiązany 57 razy
  • Średni wynik to 9 z 10
Statystyki odpowiedzi
Zagadnienie Odpowiedź % Poprawnych
Stolicą Polski jest ... Warszawa
100%
Słowo ,,orange'' po angielsku to zarówno ... jak i ... pomarańcza / pomarańczowy
98%
8 razy 3 dodać 5 odjąć 2 = 27
96%
Ile wynosi liczba PI? 3,14
92%
Stolicą Irlandii jest ... Dublin
90%
Po zmieszaniu niebieskiego z żółtym powstaje zieleń. Prawda
88%
Pierwszym Królem Polski był ... Bolesław Chrobry
86%
W Polsce mieszka około 55 milionów osób, z czego 9/10 to Polacy. Fałsz
86%
Chrzest Polski odbył się w ... 966 roku
69%
Oblicz pole trapezu, skoro bok A ma 6 cm, B 2 więcej niż A, (boki A i B są rownóległe do siebie), a wysokość to 3 cm. 21 cm kwadratowe
63%
Nie znaleziono quizów pasujących do podanych kryteriów
Rozkład punktacji
Procent ludzi z każdym wynikiem
Percentyl według liczby udzielonych odpowiedzi
Twoja historia wyników
Nie rozwiązałeś tego quizu